00331nam a22000857a 4500008004100000082001700041245013400058260004200192300001100234230612b xxu||||| |||| 00| 0 eng d a354.676bGOK a2010/2011 Estimates of Recurrent Expenditure bof the Government of Kenya for the year Ending 30th June 2011cGovernment of Kenya aKenyabGovernment of KenyacJune 2010 a1095 p